000 00739nam a2200265Ia 4500
005 20260302114314.0
008 008 260114s9999 xx 000 0 eng d
020 _a9781666984101
037 _aTextbook
040 _aCRL
040 _beng
040 _cCRL
041 _2eng
041 _aeng
084 _qCRL
100 _aWilliam H. F. Altman
_91118039
245 0 _aAscent to the Beautiful Plato the Teacher and the Pre-Republic Dialogues from Protagoras to Symposium
260 _bBloomsbury
260 _bLexington Books
260 _c2020
650 _aPhilosophy
856 _uhttps://doi.org/10.5040/9781666984101?locatt=label:secondary_bloomsburyCollections
942 _cEBOOK
999 _c1682072
_d1682072